Idiopatické střevní záněty II : nové trendy a mezioborové souvislosti /

Hlavní autor: Lukáš, Milan, 1959-
Jazyk: Čeština
Vydáno: Praha : Grada Publishing, 2021
Vydání: 1. vydání
Témata:
Fyzický popis: xv, 291 stran : ilustrace (převážně barevné), portréty, faksimile ; 26 cm
Language note: České a anglické resumé
Knihy
Uloženo v:
LEADER 01966nam a2200505 i 4500
001 nkc20213376118
003 CZ PrNK
005 20220118103134.0
007 ta
008 211126s2021 xr ach f 001 0 cze
015 |a cnb003376118 
020 |a 978-80-271-3203-4  |q (vázáno) :  |c Kč 749,00 
035 |a (OCoLC)1288052192 
035 |a (OCoLC)1291383048 
040 |a ABA001  |b cze  |e rda 
041 0 |a cze  |b cze  |b eng 
072 7 |a 616  |x Patologie. Klinická medicína  |2 Konspekt  |9 14 
080 |a 616.34-002  |2 MRF 
080 |a 616-06  |2 MRF 
080 |a 616-08  |2 MRF 
080 |a (048.8:082)  |2 MRF 
100 1 |a Lukáš, Milan,  |d 1959-  |7 jn19990202012  |4 aut 
245 1 0 |a Idiopatické střevní záněty II :  |b nové trendy a mezioborové souvislosti /  |c Milan Lukáš a kolektiv 
250 |a 1. vydání 
264 1 |a Praha :  |b Grada Publishing,  |c 2021 
300 |a xv, 291 stran :  |b ilustrace (převážně barevné), portréty, faksimile ;  |c 26 cm 
336 |a text  |b txt  |2 rdacontent 
337 |a bez média  |b n  |2 rdamedia 
338 |a svazek  |b nc  |2 rdacarrier 
504 |a Obsahuje bibliografie a rejstříky 
546 |a České a anglické resumé 
650 0 7 |a idiopatický zánět střev  |7 ph265696  |2 czenas 
650 0 7 |a komplikace (lékařství)  |7 ph134851  |2 czenas 
650 0 7 |a terapie  |7 ph116435  |2 czenas 
650 0 9 |a inflammatory bowel disease  |2 eczenas 
650 0 9 |a complications of diseases  |2 eczenas 
650 0 9 |a therapy  |2 eczenas 
655 7 |a kolektivní monografie  |7 fd501537  |2 czenas 
655 9 |a collective monographs  |2 eczenas 
910 2 |a BOA001  |b 3-1478.284 
990 |a BK 
995 |a 01 
996 6 |b 2610888155  |c 3-1478.284  |l MZK  |r Sklad / do 1 hodiny  |n 2  |p p.v.  |w 001871583  |u 000010  |a 1  |e BOA001  |j MZK50  |s P 
996 6 |b 2610892184  |c 3-1478.284  |l MZK  |r STM 6p  |n 0  |p kup  |h 616.3 LUK  |w 001871583  |u 000020  |a 0  |e BOA001  |j MZK50  |s P 
996 7 |b 2610892185  |c 3-1478.284  |l Vol.výběr  |r VV 1p  |n 8  |p kup  |h 616.3 LUK  |w 001871583  |u 000030  |a 0  |e BOA001  |j MZK50  |s A